Best-Selling Comics (2000s) Quiz Stats

Quiz Updated Nov 22, 2016

Challenge
Share
Tweet
Embed
Score 0/100 Timer 10:00
0 Plays Today
Issue Comic % Correct
619Batman
94.6%
612Batman
94.5%
614Batman
94.5%
617Batman
94.5%
615Batman
94.5%
204Superman
90.9%
205Superman
90.9%
206Superman
90.9%
583Amazing Spider-Man
54.9%
544Amazing Spider-Man
54.9%
539Amazing Spider-Man
54.9%
1Green Lantern
50.9%
25Captain America
48.7%
1Wolverine
47.6%
500Uncanny X-Men
41%
1Thor
40.4%
1Justice
35.9%
2Civil War
33.8%
3Civil War
33.8%
1Civil War
33.8%
4Civil War
33.8%
5Civil War
33.8%
7Civil War
33.8%
6Civil War
33.8%
1Justice League of America
27.5%
0Justice League of America
27.5%
5Justice League of America
27.5%
2Justice League of America
27.5%
7Justice League of America
27.5%
1New Avengers
24.1%
31New Avengers
24.1%
5New Avengers
24.1%
6New Avengers
24.1%
7New Avengers
24.1%
Issue Comic % Correct
8New Avengers
24.1%
2New Avengers
24.1%
23New Avengers
24.1%
4New Avengers
24.1%
21New Avengers
24.1%
1The Ultimates
20.7%
1Infinite Crisis
19.8%
2Infinite Crisis
19.8%
3Infinite Crisis
19.8%
4Infinite Crisis
19.8%
6Infinite Crisis
19.8%
5Infinite Crisis
19.8%
7Infinite Crisis
19.8%
1Secret Invasion
18.1%
2Secret Invasion
18.1%
3Secret Invasion
18.1%
4Secret Invasion
18.1%
6Secret Invasion
18.1%
5Secret Invasion
18.1%
7Secret Invasion
18.1%
1House of M
17%
2House of M
17%
4House of M
17%
1Astonishing X-Men
16.9%
10Astonishing X-Men
16.9%
1Batman and Robin
15.8%
1Identity Crisis
15.7%
2Identity Crisis
15.7%
3Identity Crisis
15.7%
4Identity Crisis
15.7%
7Identity Crisis
15.7%
5Identity Crisis
15.7%
1Blackest Night
14.4%
2Blackest Night
14.4%
Issue Comic % Correct
1Mighty Avengers
14.3%
1World War Hulk
11.9%
2World War Hulk
11.9%
1Secret War Book One
11%
1All Star Batman & Robin The Boy Wonder
9.6%
2All Star Batman & Robin The Boy Wonder
9.6%
1All Star Superman
9.6%
3All Star Batman & Robin The Boy Wonder
9.6%
4All Star Batman & Robin The Boy Wonder
9.6%
1Supergirl
8.6%
1Green Lantern: Rebirth
6.8%
10Superman/Batman
6.5%
12Superman/Batman
6.5%
13Superman/Batman
6.5%
9Superman/Batman
6.5%
1Superman/Batman
6.5%
6Wolverine: The Origin
5.7%
5Wolverine: The Origin
5.7%
4Wolverine: The Origin
5.7%
1Ultimate Fantastic Four
5.1%
1The Dark Knight Strikes Again
4.5%
3The Dark Knight Strikes Again
4.5%
2The Dark Knight Strikes Again
4.5%
1Wolverine: Origins
4.1%
1JLA/Avengers
3.7%
2Avengers/JLA
3.7%
1Captain America: Reborn
3.1%
1The Dark Tower: The Gunslinger Born
3.1%
1Fallen Son: Death of Captain America: Iron Man
2.5%
1Fallen Son: Death of Captain America: Wolverine
2.3%
1Fallen Son: Death of Captain America: Captain America
2.2%
2The Dark Tower: The Gunslinger Born
2.2%

You're not logged in!

Compare scores with friends on all Sporcle quizzes.
Join for Free
OR
Log In

You Might Also Like...

Show Comments

Extras

Top Quizzes Today


Score Distribution

Your Account Isn't Verified!

In order to create a playlist on Sporcle, you need to verify the email address you used during registration. Go to your Sporcle Settings to finish the process.

Report this User

Report this user for behavior that violates our Community Guidelines.

Details: